000 00501nam a2200169 i 4500
001 149712
003 ES-MaACL
005 20230906203224.0
007 t|
008 071024s1969 sp ||||1| spa d
100 1 _aVaszary, Gabor.
_9113298
245 1 4 _aLas estrellas palidecen /
_cGabor Vaszary ; [versión... Mariano Orta Manzano].
260 _aBarcelona :
_bCaralt,
_c[1969]
300 _a320 p. ;
_c20 cm.
700 1 _aOrta Manzano, Mariano.
_987384
852 _aES-MaACL
_jC-39747
_bR.73828
999 _c149712
_d149712